La casa autónoma

Bibliographic Details
Main Authors: Vale, Robert, Brenda
Format: Section = Libro
Language:Undetermined
Spanish
Published: Barcelona Gustavo Gili 1981
Subjects:
LEADER 00500nam a2200205Ia 4500
008 240829s9999 xx 000 0 und d
020 |a 84-252-0641-3 
040 |a BIBLIOTECA-RUSB/ 728 V149 
041 |a spa 
082 |a 728 V149 
100 1 |a Vale, Robert  
100 1 |b Brenda 
245 1 0 |a La casa autónoma 
260 |a Barcelona  |b Gustavo Gili  |c 1981 
300 |a 221 p. :il. 
650 7 |a ARQUITECTURA DOMESTICA 
650 7 |b  VIVIENDA-DISEÑO  
942 |c BK  |2 ddc 
991 |a TEXTO 
999 |c 5298